Statistics for Dog breeds by country of origin

Click here to take the quiz!

General Stats

  • This quiz has been taken 112 times
  • The average score is 11 of 20

Answer Stats

HintAnswer% Correct
Tosa, Shiba Inu, Sakhalin HuskyJapan
94%
Poodle, Boxer, Great DaneGermany
82%
Lhasa Apso, Pug, Chow ChowChina
76%
Laika, Samoyed, Borzoi, BolonkaRussia
73%
Mudi, Puli, Kuvasz, VizslaHungary
67%
Labrador Retriever, Whippet, LurcherUnited Kingdom
61%
Dalmatian, Posavac Hound, TornjakCroatia
60%
St. Bernard, Maltese, MaremmaItaly
60%
Silky Terrier, Kelpie, Blue HeelerAustralia
59%
Tyrolean Hound, Alp. DachsprackeAustria
56%
Blue Lacy, Redbone CoonhoundUnited States
56%
Kooikerhondje, Drentsch PartridgeNetherlands
55%
Tazi, Koyun, Anatolian ShepherdTurkey
51%
CanaanIsrael
45%
Seskar Seal, Karelian Bear DogFinland
40%
Hamilton Hound, Drever, JämthundSweden
40%
Bloodhound, Billy, Cursinu, TalbotFrance
38%
Carpathian Shepherd DogRomania
37%
Illyrian Sheepdog (Шарпланинец)Albania/Macedonia
23%
Karakachan (Thracian Mollos)Bulgaria
20%

Score Distribution

Percentile by Number Answered

Percent of People with Each Score

Your Score History

You have not taken this quiz